000 00634nam a2200193 i 4500
001 131121
003 ES-MaACL
005 20251003192803.0
007 t|
008 070214s1929 xxu r ||||1| eng d
100 1 _aRobertson, William Spence.
_997860
245 1 4 _aThe life of Miranda /
_cby William Spence Robertson.
260 _aChapel Hill :
_bUniversity of North Carolina Press,
_c1929.
300 _a2 v. ;
_c24 x 19 cm.
600 1 7 _aMiranda, Francisco de,
_d1750-1816-
_vBiografĂ­as
_2
_9129975
710 2 _aUniversity of North Carolina at Chapel Hill.
_97513
852 _aES-MaACL
_jA-39-40
999 _c131121
_d131121